000 00710nam a2200277Ia 4500
005 20260320195838.0
008 008 262003s9999 xx 000 0 hin d
020 _a9789390625031
037 _aEBOOK
040 _aCRL
040 _bhin
040 _cCRL
041 _2hin
041 _ahin
084 _qCRL
100 _aमहापंडित राहुल सांकृत्या यन
_91133292
245 0 _aमेरी तिब्बत यात्रा
250 _a1
260 _bRajkamal
260 _c2024
300 _a216
856 _uhttps://ebook.indiaread.in/pdfs/meri_tibbat_yatra.pdf
942 _cEBOOK
999 _c1716812
_d1716812